| 000 | | | 06672cmc2a2200000 x 450 |
| 001 | | | c5cdd357-b261-4082-885f-ab1276b7937d |
| 005 | | | 20161021140943.0 |
| 100 | ## | $a | 20150421l18221830k l0rusy0189 ca |
| 101 | 0# | $a | rus |
| 102 | ## | $a | RU |
| 200 | 1# | $a | Дело о посвящении и поднесении Александру I и императрицам Д. Н. Бантыш-Каменским своей книги "История Малороссии" |
| | $e | 11 октября 1822 г. - 18 августа 1830 г. |
| | $j | 1822-1830 |
| 251 | ## | $c | Дело |
| 300 | ## | $a | Оригинальный заголовок дела: Дело по письму Бантыш-Каменского с препровождением экземпляров изданной им книги История Малороссии : 11 октября 1822 г. - 18 августа 1830 г. |
| 300 | ## | $a | Рукописный текст. Чернила |
| 801 | #0 | $a | RU |
| | $b | РГИА |
| | $c | 20150421 |
| 801 | #1 | $a | RU |
| | $b | ГлавНИВЦ |
| | $c | 20150421 |
| | $2 | rusmarc |
| 801 | #2 | $a | RU |
| | $b | ПБ им. Б.Н. Ельцина |
| | $c | 20151229 |
| | $g | RCR |
| | $2 | rusmarc |
| 850 | ## | $a | Федеральное казенное учреждение "Российский государственный исторический архив" (РГИА) |
| 852 | ## | $a | РГИА |
| | $j | 182 |
| 937 | ## | $h | РГИА |
| | $d | 11418917 |
| | $a | ASBIBLIO_SCAN |
| 462 | #0 | $1 | 0017ff33d0d-4fb3-4ffd-a38b-3e370d0d7251 |
| | $1 | 2001 |
| | $a | Общие дела 1-го отделения Департамента народного просвещения за 1818-1840 гг. |
| | $v | Д. 182 |
| | $1 | 251 |
| | $c | Опись |
| | $1 | 852 |
| | $j | 87 |
| 461 | #0 | $1 | 001a74412a3-3cc5-4d21-8f0a-dfe2fbd9e72d |
| | $1 | 2001 |
| | $a | Департамент народного просвещения Министерства народного просвещения |
| | $1 | 251 |
| | $c | Фонд |
| | $1 | 852 |
| | $j | 733 |
| 215 | ## | $a | 29 листов |
| | $d | 36,5х26 см |
| 371 | ## | $a | Документ не является опубликованным и широко распространяемым |
| 105 | ## | $a | y### |
| 122 | 2# | $a | d18221011## |
| | $a | d18300818## |
| 517 | 1# | $a | Дело по письму Бантыш-Каменского с препровождением экземпляров изданной им книги История Малороссии |
| | $e | 11 октября 1822 г. - 18 августа 1830 г. |
| 035 | ## | $a | c5cdd357-b261-4082-885f-ab1276b7937d |
| 600 | #1 | $2 | nlr_sh1 |
| | $3 | RU\NLR\AUTH\66121177 |
| | $a | Бантыш-Каменский |
| | $b | Д.Н. |
| | $f | 1788 - 1850 |
| | $g | Дмитрий Николаевич |
| | $j | Документы и материалы |
| 600 | #0 | $2 | nlr_sh |
| | $3 | RU\NLR\AUTH\6620141 |
| | $a | Александр |
| | $c | император российский |
| | $d | I |
| | $f | 1777 - 1825 |
| | $j | Документы и материалы |
| 600 | #0 | $2 | nlr_sh |
| | $3 | RU\NLR\AUTH\66409709 |
| | $a | Елизавета Алексеевна |
| | $c | императрица российская |
| | $f | 1779 - 1826 |
| | $j | Документы и материалы |
| 605 | ## | $2 | acquisition_Prlib |
| | $3 | DITM\AF\0000004675 |
| | $a | Территория |
| | $l | коллекция |
| 605 | ## | $a | Власть |
| | $l | коллекция |
| | $2 | acquisition_Prlib |
| | $3 | DITM\AF\0000002775 |
| 605 | ## | $a | Россия в лицах |
| | $l | коллекция |
| | $2 | acquisition_Prlib |
| | $3 | DITM\AF\0000004166 |
| 605 | ## | $a | Дом Романовых |
| | $l | коллекция |
| | $2 | acquisition_Prlib |
| | $3 | LIBNET\UAF\0000008152 |
| 607 | ## | $2 | nlr_sh |
| | $3 | RU\NLR\AUTH\661265424 |
| | $a | Украина |
| | $j | Документы и материалы |
| | $x | История |
| 686 | ## | $2 | rubbk |
| | $a | 63.3(2)52ю1 |
| | $v | LBC/M |
| 856 | 4# | $u | http://www.prlib.ru/Lib/pages/item.aspx?itemid=142623 |